书目信息 |
| 题名: |
冬期施工手册
|
|
| 作者: | 项玉璞 , 曹继文 主编 | |
| 分册: | ||
| 出版信息: | 北京 中国建筑工业出版社 2005.09 |
|
| 页数: | 12, 744页 | |
| 开本: | 26cm | |
| 丛书名: | 建筑施工技术系列手册 | |
| 单 册: | ||
| 中图分类: | TU742-62 | |
| 科图分类: | ||
| 主题词: | 严寒气候施工--yan han qi hou shi gong--手册 | |
| 电子资源: | ||
| ISBN: | 7-112-07513-0 | |
| 000 | 00974nam 2200253 450 | |
| 001 | 012006885376 | |
| 005 | 20191103093344.60 | |
| 010 | @a7-112-07513-0@b精装@dCNY79.00 | |
| 100 | @a20060321d2005 km y0chiy0120 ea | |
| 101 | 0 | @achi |
| 102 | @aCN@b110000 | |
| 105 | @aab z 000yy | |
| 200 | 1 | @a冬期施工手册@Adong qi shi gong shou ce@f项玉璞, 曹继文主编@Fxiang yu pu,cao ji wen zhu bian |
| 210 | @a北京@c中国建筑工业出版社@d2005.09 | |
| 215 | @a12, 744页@c图, 地图@d26cm | |
| 225 | 2 | @a建筑施工技术系列手册@Ajian zhu shi gong ji shu xi lie shou ce |
| 330 | @a本书全面地介绍了各种冬期施工方法,包括:冬期施工基本知识及理论、土方与地基基础工程冬期施工、钢筋工程冬期施工、混凝土化学外加剂等内容。 | |
| 410 | 0 | @12001 @a建筑施工技术系列手册 |
| 606 | 0 | @a严寒气候施工@Ayan han qi hou shi gong@j手册 |
| 690 | @aTU742-62@v4 | |
| 701 | 0 | @a项玉璞@Axiang yu pu@4主编 |
| 701 | 0 | @a曹继文@Acao ji wen@4主编 |
| 801 | 0 | @aCN@bQSSK@c20060321 |
| 905 | @a10447@dTU742-62@eX286 | |
| 冬期施工手册/项玉璞, 曹继文主编.-北京:中国建筑工业出版社,2005.09 |
| 12, 744页:图, 地图;26cm.-(建筑施工技术系列手册) |
| ISBN 7-112-07513-0(精装):CNY79.00 |
| 本书全面地介绍了各种冬期施工方法,包括:冬期施工基本知识及理论、土方与地基基础工程冬期施工、钢筋工程冬期施工、混凝土化学外加剂等内容。 |
| ● |
| 相关链接 |
|
|
|
正题名:冬期施工手册
索取号:TU742-62/X286
 
预约/预借
| 序号 | 登录号 | 条形码 | 馆藏地/架位号 | 状态 | 备注 |
| 1 | 1231759 | 212317599 | 建筑库201/201建筑库 108排8列3层/ [索取号:TU742-62/X286] | 在馆 | |
| 2 | 1231760 | 212317606 | 建筑库201/201建筑库 108排8列2层/ [索取号:TU742-62/X286] | 在馆 | |
| 3 | 1231761 | 212317615 | 建筑库201/201建筑库 108排8列3层/ [索取号:TU742-62/X286] | 在馆 | |
| 4 | 1231762 | 212317624 | 建筑库201/201建筑库 108排8列3层/ [索取号:TU742-62/X286] | 在馆 | |
| 5 | 1231763 | 212317633 | 建筑库201/201建筑库 108排8列3层/ [索取号:TU742-62/X286] | 在馆 | |
| 6 | 1231764 | 212317642 | 建筑库201/201建筑库 108排8列3层/ [索取号:TU742-62/X286] | 在馆 | |
| 7 | 556480 | 205564806 | 建筑库201/201建筑库 108排8列2层/ [索取号:TU742-62/X286] | 在馆 | |
| 8 | 556481 | 205564815 | 建筑库201/201建筑库 108排8列2层/ [索取号:TU742-62/X286] | 在馆 | |
| 9 | 556482 | 205564824 | 建筑库201/201建筑库 108排8列2层/ [索取号:TU742-62/X286] | 在馆 |